Países de América del Sur (con mapa) - Estadísticas

Estadísticas generales
  • Esta prueba ha sido intentada 426 veces
  • La puntuación promedio es 10 de 12
Respuestas en el mapa
Las respuestas están codificadas por una escala verde-roja en el mapa de la prueba según el % correcto abajo.
 
Estadísticas de respuestas
Respuesta % Correcto
Argentina
98%
Brasil
91%
Chile
90%
Uruguay
81%
Paraguay
78%
Perú
78%
Bolivia
75%
Surinam
75%
Venezuela
75%
Ecuador
74%
Kolumbia
71%
Guyana
65%
No se encontraron pruebas coincidentes
Distribución de puntuación
Porcentaje de gente con cada puntuación
Porcentaje por número respondido
Historial de tus puntuaciones
No has intentado esta prueba.